000 03229 a2200241 4500
003 NALT
005 20251112104608.0
008 231128b th ||||| |||| 00| 0 tha d
020 _a9786163143570
040 _aNALT
100 0 _aพิทยา สุวคันธ์.
_929780
245 1 0 _aจีนในอาเซียน :
_bผลกระทบต่อยุทธศาสตร์การเมืองและเศรษฐกิจ /
_cพิทยา สุวคันธ์.
_h[electronic resource]
260 _aกรุงเทพฯ :
_bสำนักพิมพ์มหาวิทยาลัยธรรมศาสตร์,
_c2561.
300 _aOnline resource
505 2 _aการเมืองและเศรษฐกิจจีน -- นโยบายต่างประเทศของจีนต่ออาเซียน -- การกำหนดนโยบายของจีนต่ออาเซียน -- การทะยานขึ้นของจีนทางภูมิรัฐศาสตร์ในอาเซียน -- การทะยานขึ้นของจีนทางภูมิเศรษฐศาสตร์ในอาเซียน -- ผลกระทบจากการทะยานขึ้นของจีนต่อภูมิรัฐศาสตร์และภูมิเศรษฐศาสตร์ในอาเซียน -- ศักยภาพทางภูมิรัฐศาสตร์และภูมิเศรษฐศาสตร์ของอาเซียนต่อจีน -- ท่าที/นโยบายของประชาคมอาเซียนกับจีน -- ท่าที/นโยบายความร่วมมือระหว่างอาเซียนกับจีน -- การปรับเปลี่ยนนโยบายความสัมพันธ์ระหว่างอาเซียนกับจีน -- ความร่วมมือและความสัมพันธ์ระหว่างอาเซียนกับจีน -- การเปลี่ยนแปลงภูมิรัฐศาสตร์และภูมิเศรษฐศาสตร์ระหว่างอาเซียนกับจีน -- ผลกระทบจากการร่วมมือและความสัมพันธ์ของประชาคมอาเซียน-จีนที่มีนัยต่อไทย -- ทิศทางความร่วมมืออาเซียน-จีน และไทย ภายใต้ประชาคมเศรษฐกิจอาเซียน.
651 0 _a
651 4 _aเอเชียตะวันออกเฉียงใต้
_xความสัมพันธ์กับต่างประเทศ
_zจีน
_923515
850 _aNALT
856 4 0 _uhttps://ebook.parliament.go.th/ebookall/detail/431985
_zE-Book
942 _2lcc
_cEBK
996 _ai002
_bCATSTF
_c2023-12-21
999 _c102752
_d102752
998 _j104
_k นางสาวสายฝน ดีงาม